Niektoré charakteristiky monitorovania e-konkurenčného prostredia a ich napĺňanie v ekonomicky zvýhodnených regiónoch Slovenskej republiky /PSK/
Salvato in:
| Autore principale: | |
|---|---|
| Natura: | Capitolo di libro |
| Lingua: | slovacco |
| Tags: |
Nessun Tag, puoi essere il primo ad aggiungerne!!
|
MARC
| LEADER | 00000naa$a2200000$$$4500 | ||
|---|---|---|---|
| 001 | 0121957 | ||
| 005 | 20240711111359.6 | ||
| 041 | 0 | |a slo | |
| 044 | |a SK | ||
| 245 | 1 | 0 | |a Niektoré charakteristiky monitorovania e-konkurenčného prostredia a ich napĺňanie v ekonomicky zvýhodnených regiónoch Slovenskej republiky /PSK/ |c Anton Meteňko |
| 100 | 1 | |a Meteňko, Anton | |